000 00331nam a22001457a 4500
003 OSt
005 20220223110955.0
008 220223b |||||||| |||| 00| 0 eng d
020 _a9780470169971
040 _cHU
082 _25th
_a692.8
100 _aNise
_931289
245 _aControl Systems Engineering
942 _2ddc
_cBOOKS
_n0
999 _c31352
_d31352